Fruits & Vegetables by color - Easy - Statistics

General Stats
  • This quiz has been taken 30 times
  • The average score is 13 of 24
Answer Stats
Color Fruit/Vegetable % Correct
Green Apple
79%
Red Apple
79%
Green Broccoli
75%
Blue/Black/Purple Blueberry
71%
Yellow/Orange Orange
71%
Yellow/Orange Banana
67%
Blue/Black/Purple Blackberry
67%
Red Strawberry
67%
Yellow/Orange Lemon
63%
Yellow/Orange Mango
63%
Red Tomato
63%
Green Lettuce
58%
Yellow/Orange Carrot
54%
Green Cucumber
50%
Yellow/Orange Pineapple
46%
Green Peas
42%
Red Cherry
38%
Yellow/Orange Peach
38%
Yellow/Orange Potato
38%
Yellow/Orange Pumpkin
38%
Green Avocado
33%
Yellow/Orange Corn
33%
Red Radish
33%
Green Beans
29%
No matching quizzes found
Score Distribution
Percent of People with Each Score
Percentile by Number Answered
Your Score History
You have not taken this quiz